000 01037cam a2200229 4500
001 WB3607-27
008 000000n2000 000 0 eng u
035 _a(Sirsi) u104217
245 _aNegligent valuation
260 _c2000
490 _aEstates Gazette Case Summaries
_v [2000] EGCS 16, 12 February 2000 (1)
520 _a"DNB Mortgages Ltd v Bullock & Lees (a firm)" CA 28 January 2000. DNB sued B (a firm for surveyors) for damages for negligence in overvaluing a house for the purposes of a mortgage. The judge found that the action was statute-barred, as the cause of the action had taken place more than six years previously. D appealed, claiming the judge had misdirected himself in determining when the cause of action had accrued. Appeal dismissed.
590 _aWB
600 _aOVERVALUATION
650 _aDNB MORTGAGES LTD V BULLOCK & LEES
650 _aLIMITATIONS
650 _aMORTGAGES
650 _aVALUERS
650 _aNEGLIGENCE
690 _aPROFESSIONAL PRACTICE-NEGLIGENCE-CASE LAW
942 _n0
999 _c62537
_d62537